| 000 | 01188nam2a22002411 4500 | ||
|---|---|---|---|
| 001 | rc\2322310 | ||
| 005 | 20250622232714.0 | ||
| 035 | _a(NLR Aleph) 006471149 | ||
| 090 |
_a5936520 _c5936520 |
||
| 100 | _a20110829d1977 |||y0rusy50 ca | ||
| 101 | 0 | _arus | |
| 102 | _aRU | ||
| 105 | _aa z ||||| | ||
| 200 | 1 | _aОхрана окружающей среды в производстве химических волокон | |
| 210 |
_a[Москва] _d[1977] |
||
| 215 |
_a84 с. _cил. |
||
| 320 | _aБиблиогр. в конце докл. | ||
| 461 | 0 |
_1001rc\2322304 _12001#$aПрепринты$eСекция 1-$f2-й Междунар. симпозиум по хим. волокнам. Калинин, 25-30 мая 1977 г.$vСекция 6 _95936464 _aМеждународный симпозиум по химическим волокнам (2 ; 1977 ; Калинин) _cКалинин _d[1977] _f2-й Междунар. симпозиум по хим. волокнам. Калинин, 25-30 мая 1977 г. _nБ. и. _oСекция 1- _tПрепринты _vСекция 6 |
|
| 801 | 0 |
_aRU _bNLR _gpsbo |
|
| 801 | 1 |
_aRU _bELAR _2rusmarc |
|
| 852 |
_aNLR _j77-3/9762 |
||
| 942 | _cBOOK | ||
| 980 | _aNB | ||